[Event "Czerniak Memorial 12th"]
[Site "Tel Aviv"]
[Date "1996.??.??"]
[Round "9"]
[White "Shabtai, Ran"]
[Black "Bykhovsky, Avigdor"]
[Result "1/2-1/2"]
[WhiteElo "2340"]
[BlackElo "2405"]
[Annotator "Lutz,C"]
[PlyCount "84"]
[EventDate "1996.04.??"]
[EventType "tourn"]
[EventRounds "11"]
[EventCountry "ISR"]
[EventCategory "9"]
[SourceTitle "CBM 053"]
[Source "ChessBase"]
[SourceDate "1996.08.01"]
[SourceVersion "1"]
[SourceVersionDate "1996.08.01"]
[SourceQuality "1"]

1. d4 d5 2. Nf3 c6 3. c4 e6 4. Bg5 Nf6 5. Nc3 h6 6. Bxf6 Qxf6 7. e3 Nd7 8. a3 (
8. Bd3 Qd8 9. O-O Be7 (9... Bd6 10. e4 dxc4 11. Bxc4 e5 $2 (11... O-O 12. e5
Bc7 $14) 12. dxe5 Nxe5 13. Nxe5 Bxe5 14. Qxd8+ Kxd8 15. Bxf7) 10. a3 O-O 11.
Qc2 a6 12. b4 f5 13. Na4 Bd6 {Hier spielt Schwarz ...Be7-d6!} 14. Nc5 Qf6 15.
Rac1 g5 16. Qc3 g4 17. Nxd7 Bxd7 18. Ne5 Be8 19. f4 gxf3 20. Rxf3 Kh8 21. Rh3
Rg8 22. Rf1 Rg5 $13 {1/2-1/2 Kamsky,G-Kramnik,V (03)/PCA-WchQual3 New York ;
CBM 42 1994 (45)}) 8... Qd8 {Derzeit steht 8.a3 als Bekämpfungsmethode von
schwarzen Aufbauten mit ...g6 hoch im Kurs. Allerdings kann Schwarz wie in
dieser Partie einen Aufbau mit ...Qd8 und ...Bd6 wählen.} 9. Bd3 Bd6 10. O-O
O-O 11. Qc2 (11. Rc1 a6 12. Re1 f5 13. cxd5 cxd5 (13... exd5 $5) 14. Qb3 Nf6 $6
(14... Kh8 $5 {/\ ...g5-g4}) 15. Ne2 g5 16. Ne5 Rb8 17. f3 Qa5 18. Rc3 Nd7 19.
f4 Nxe5 20. fxe5 Be7 21. Rec1 $14 {1/2-1/2 Gulko,B-Dorfman,J (03)/URS-ch45
plof-1pl Moscow ;URS-ch 1978 (34)}) (11. e4 dxc4 12. Bxc4 e5 $1 {Hier wirkt
sich das mit a2-a3 vergeudete Tempo aus.}) 11... a6 12. e4 (12. b4 $5 f5 13. c5
$5 (13. Na4 {würde mit Minustempo zur Partie Kamsyk,G-Kramnik,V führen.}) 13...
Bc7 14. a4 Qf6 {/\ ...e5} (14... g5 $5 $132)) 12... dxc4 13. Bxc4 e5 $1 {
Schwraz sollte jetzt satten Ausgleich haben.} 14. Rad1 Qc7 (14... Qe7 $5 15.
dxe5 Nxe5 16. Nxe5 Bxe5 $10 17. f4 $2 Qc5+) 15. h3 b5 (15... exd4 $5 16. Nxd4
Ne5) 16. Ba2 Bb7 17. dxe5 Nxe5 18. Nh4 Bc5 19. Kh1 Rad8 20. f4 Nc4 21. Bxc4
bxc4 22. Qe2 Rxd1 23. Nxd1 Rd8 24. Qxc4 Bd4 $44 {[%csl Rd1,Re4,Rf4,Rh4][%cal
Gb7h1,Gd4b2,Gd4f2,Gc7f4] >< d1, h4, e4, f4} 25. Nf5 c5 26. Nc3 Qb6 27. Nd5 Qxb2
28. Nxd4 Bxd5 29. exd5 Qxd4 30. Qxa6 Qxd5 31. Rc1 Qe4 32. Qf1 Rd3 33. Kh2 c4
34. a4 c3 35. a5 Qd4 36. a6 Rd2 37. a7 Qxa7 38. Rxc3 Qb7 39. Qf3 Qxf3 40. Rxf3
Kh7 41. Kg3 Kg6 42. Ra3 Rd5 1/2-1/2

[Event "Stepanakert-A"]
[Site "Stepanakert"]
[Date "2005.10.03"]
[Round "2"]
[White "Aronian, Levon"]
[Black "Sokolov, Ivan"]
[Result "1/2-1/2"]
[WhiteElo "2724"]
[BlackElo "2696"]
[Annotator "Lutz,C"]
[PlyCount "84"]
[EventDate "2005.10.02"]
[EventType "tourn"]
[EventRounds "9"]
[EventCountry "ARM"]
[EventCategory "17"]
[SourceTitle "CBM 110"]
[Source "ChessBase"]
[SourceDate "2006.01.31"]
[SourceVersion "1"]
[SourceVersionDate "2006.01.31"]
[SourceQuality "1"]

1. d4 d5 2. c4 c6 3. Nf3 Nf6 4. Nc3 e6 5. Qb3 Nbd7 {Schwarz wählt in der Folge
einen Aufbau, der an den geschlossenen Katalanen erinnert. Mit 5...dxc4 konnte
Schwarz eher im Geiste des Semi-Slawisch fortsetzen.} 6. g3 b6 $146 {Dieser
Zug schein neu zu sein, aber im geschlossenen Katalanisch ist es natürlich
normal, den Läufer nach a6 oder b7 zu entwickeln.} 7. Bf4 (7. Bg2 Ba6 8. cxd5
cxd5 {ist die Idee des Schwarzen, da Weiß dann die Spannung im Zentrum
aufgelöst hätte und der Ba6 besser als der Bg2 wäre.}) 7... Be7 (7... Ba6 8.
cxd5 cxd5 9. Nb5 {, und Schwarz müsste sich von seinem Läufer trennen.}) 8.
cxd5 Nxd5 9. Bg2 Nxf4 10. gxf4 {Auch dies Art von Strukturen ist aus dem
Katalanen bekannt: Weiß gibt das Läuferpaar ab, erhält dafür aber eine bessere
Zentrumskontrolle. In dieer Partie gibt es aber noch die besonderheit, dass
Weiß lang rocherien kann.} Bb7 11. O-O-O O-O 12. Rhg1 $14 {Mir persönlich
gefällt die weiße Stellung etwas besser, aber Schwarz steht solide.} Qc7 13. e3
Rad8 $6 {Dieser Zug ist nicht unbedingt nötig. Besser scheint mir sofortiges ..
.a7-a6, nebst ...b6-b5 und ...c6-c5.} (13... a6 14. Kb1 b5 15. Ne5 Nxe5 16.
fxe5 c5 $132) 14. Kb1 a6 15. Ne5 b5 {Schwarz bereitet langsam ...c6-c5 vor,
allerdings ist nun das Feld c5 geschwächt.} (15... c5 16. Bxb7 Qxb7 17. d5 Nxe5
18. fxe5 $40 {Mit dem schwarzen Bauern auf b5 könnte Schwarz nun ...c5-c4
spielen.}) 16. Qc2 Nxe5 (16... c5 17. Ne4) 17. fxe5 c5 {Schwarz entschliesst
sich jetzt zu diesem Zug, da ansonsten Ne4 folgen würde.} 18. Ne4 Kh8 19. f4
Rd7 {Schwarz opfert einen Bauern.} (19... c4 {würde den Bauernverlust
vermeiden, überlässt Weiß jedoch freie Hand im Zentrum.}) 20. Nxc5 Bxc5 21.
Bxb7 Qxb7 22. dxc5 Rc7 $16 {Weiß hat nun einen Mehrbauern, für den Schwarz nur
ein nebulöses Gegenspiel entlang der Felder e4 und f3 besitzt.} 23. Rd6 Qf3 24.
Qc3 a5 25. Rc1 g6 26. a3 Rfc8 27. Qd4 Kg7 28. Rd8 b4 29. Rxc8 Rxc8 {Weiß hat
nach wie vor einen Mehrbauern, kommt aber angesichts seiner Schwächen nicht so
leicht weiter.} 30. axb4 axb4 31. Qxb4 Qxe3 32. Qc4 Qf2 33. c6 Qxh2 34. c7 {
Nun hat Weiß seinen Freibauern weit vorgerückt, aber der schwarze h-Bauer
steht ebenfalls schon bereit.} Qd2 35. Rc3 (35. Qa6 Qd7 36. Qc6) 35... Qd1+ 36.
Ka2 h5 37. Qa6 Qd7 38. Qb7 h4 39. Kb1 h3 40. Rxh3 Qd1+ 41. Ka2 Qa4+ 42. Kb1
Qd1+ {Man hat den Eindruck, dass Weiß seine Chancen nicht optimal verwertet
hat.} 1/2-1/2

[Event "Stepanakert-A"]
[Site "Stepanakert"]
[Date "2005.10.10"]
[Round "8"]
[White "Nakamura, Hikaru"]
[Black "Dreev, Alexey"]
[Result "1-0"]
[WhiteElo "2662"]
[BlackElo "2694"]
[Annotator "Lutz,C"]
[PlyCount "107"]
[EventDate "2005.10.02"]
[EventType "tourn"]
[EventRounds "9"]
[EventCountry "ARM"]
[EventCategory "17"]
[SourceTitle "CBM 110"]
[Source "ChessBase"]
[SourceDate "2006.01.31"]
[SourceVersion "1"]
[SourceVersionDate "2006.01.31"]
[SourceQuality "1"]

1. d4 d5 2. c4 c6 3. Nc3 Nf6 4. Nf3 e6 5. Bg5 h6 6. Bh4 dxc4 7. e4 g5 8. Bg3 b5
9. Be2 Bb7 10. h4 g4 11. Ne5 Nbd7 12. Nxg4 Rg8 13. O-O b4 $6 {Dieses Abspiel
ist sehr prinzipiell, aber auch riskant: Schwarz kassiert den Pe4, zerstört
dafür aber sein Bauerngefüge am Damenflügel. Die bisherigen Ergebnisse in
dieser Variante favorisieren Weiß.} (13... Nxg4) (13... Nh5) 14. Na4 (14. Nxf6+
$6 Nxf6 15. e5 bxc3 16. exf6 cxb2 (16... Rxg3 17. fxg3 cxb2 18. Rb1 c3 19. Qd3
Qa5 20. Kh2 O-O-O 21. Qc4 Qb4 22. Qd3 Qxd4 23. Qh7 Bd6 24. Kh3 Qe5 25. Qd3 Bc7
26. Qf3 c5 27. Ba6 Rd5 28. Bxb7+ Kxb7 29. Rfc1 Ba5 30. Kh2 Kc6 31. Qf1 Bb6 32.
Rc2 Qd4 33. Qf3 Qd3 34. Qxd3 Rxd3 35. g4 Bc7+ 36. Kg1 Be5 37. g5 hxg5 38. hxg5
Rg3 39. Kf2 Rxg5 40. Kf3 Rg3+ 41. Ke4 Bxf6 {0-1 Kovalenko,N-Shalimov,V/Kharkov
2003/CBM 93 ext (41)}) 17. Rb1 c3 18. Qb3 Rxg3 19. Qxb7 Rb8 20. Qxa7 Rg6 21.
Bf3 Bd6 22. Bxc6+ Kf8 23. Be4 Qxf6 24. Qa6 {0-1 Cvitan,O-Pavasovic,D/Pula 2003/
CBM 94 ext (24)}) 14... Nxe4 15. Bxc4 Qa5 (15... Nxg3 16. fxg3 Qe7 $2 (16...
Qa5 $2 {Gurevich,M} 17. Rxf7 $1 Kxf7 18. Qf3+ Kg7 (18... Ke7 19. Bxe6 $40) 19.
Bxe6 Kh8 20. Bxd7 Qxa4 21. Ne5 $16) (16... h5 $5 $132) 17. Nc5 $1 $16 O-O-O 18.
Nxd7 Rxd7 (18... Qxd7 19. Nf6 Qxd4+ 20. Qxd4 Rxd4 21. Nxg8 Rxc4 22. Rxf7 $18)
19. Ne5 Rg7 20. Nxd7 Qxd7 21. Qd3 $16 {1-0 Vitiugov,N-Stripunsky,A/Ruschess.
com INT 2005/CBM 109/[Lutz] (42)}) (15... h5 16. Ne3 Qa5 (16... Ndf6 17. Be5
Be7 18. Qe2 Qa5 19. Bb3 Kf8 20. Rfc1 $16 {1-0 Quinn,M-Rytshagov,M/Istanbul
2000/EXT 2001 (52)}) 17. Bh2 Ndf6 18. Bb3 Rd8 19. Qc2 Rxd4 20. Rfd1 Rxd1+ 21.
Rxd1 Bh6 22. Rd3 Ng4 23. Nc4 Qf5 24. Bc7 Bf4 25. Rf3 e5 26. Nc5 Nh2 27. Rxf4
Qxf4 28. Nxe5 Nf3+ 29. Nxf3 Qxf3 30. Qxe4+ {1-0 Bocharov,D-Lastin,A/Tomsk 2004/
CBM 102 (30)}) 16. Rc1 (16. b3 Nxg3 $6 (16... O-O-O $5 {Gurevich,M} 17. Qe2
Nxg3 18. fxg3 Qh5 $1 19. Ne5 Qxe2 20. Bxe2 Nxe5 21. dxe5 Rd2 $15) 17. fxg3 Rg6
$6 (17... Qh5 $13 {Gurevich,M}) (17... Qh5 $5 {Gurevich,M}) 18. Qe2 $1 $40 {
1-0 Xu Jun-Gurevich,M/Shenyang 2000/CBM 79/[Gurevich,M] (31)}) 16... O-O-O 17.
Bh2 Bd6 $146 {Dieser Zug ist neu. Schwarz will den Bh2 neutralisieren, muss
dafür aber eine 'ewige' Schwäche auf c5 in Kauf nehmen.} (17... Qf5 18. f3 Nef6
19. Ne3 Qa5 20. Qb3 h5 21. Be2 {1-0 Sakaev,K-Rasmussen,K/Copenhagen 2003/CBM
95 ext (38)}) 18. Bd3 Bxh2+ 19. Nxh2 Ndf6 20. Bxe4 {Im 'New In Chess Magazine'
8/2005 bezeichnet Nakamura diesen und den nächsten weißen Zug als mehr oder
weniger forciert, da ansonsten Schwarz gutes Spiel erhält:} (20. Nf3 $6 Qf5 $40
{Nakamura}) (20. Qc2 $2 Rxd4 21. Bxe4 Nxe4 22. Nf3 Nd2 $3 23. Nxd4 (23. Nxd2
Qd5 $19) 23... Qd5 24. g3 Qxd4 $19 {Nakamura}) 20... Nxe4 21. Nc5 $1 Nxc5 22.
Rxc5 Qxa2 23. b3 Qb2 $2 {Diese bezeichnet Nakamura als Fehler.} (23... Rg7 {
führt "zu ungefähr gleichem Spiel, aber Schwarz hat eine leichte Initative" 
(Nakamura)} 24. g3 (24. Qf3 Qb2) 24... f5) 24. Nf3 Rg4 25. Rc2 $1 Rgxd4 (25...
Qxb3 $2 26. Rxc6+ $18) (25... Qa3 26. Ne5 Rgxd4 (26... Rdxd4 27. Rd2 Rxd2 28.
Qxd2 Rg8 29. Qd7+ Kb8 30. Qxf7 Rc8 31. Nd7+ Ka8 32. Nc5 Ba6 33. Qxe6 $18) 27.
Qf3 $40 {Nakamura}) 26. Nxd4 Qxd4 27. Qh5 $18 {Angesichts des schlechten Bb7
hat Schwraz nicht genügend Kompensation für die Minusqualität.} Qd3 28. Rc4
Qxb3 29. Rfc1 Kb8 (29... Rd7 $142 $5 30. Qxh6 a5 {Nakamura}) 30. Qxh6 Qb2 31.
Qf4+ e5 32. Rxb4 exf4 33. Rxb2 Kc7 34. Rc4 $6 (34. Rb4 $142 f3 35. Rf4 fxg2 36.
Rxf7+ $18 {Nakamura}) 34... f3 35. Rf4 Rd1+ 36. Kh2 fxg2 37. Rxf7+ Kd6 38. Kxg2
Ba6 39. Rxa7 Bc4 40. f3 Ke5 41. h5 Rd8 42. h6 Bd3 43. h7 Rh8 44. Rbb7 c5 45.
Kf2 Kd4 46. Rd7+ Kc4 47. Ke3 Bf5 48. Rf7 Bb1 49. Kf4 Kd5 50. Kg5 c4 51. f4 Be4
52. Rfd7+ Kc5 53. f5 c3 54. Rac7+ 1-0

[Event "Czerniak Memorial 12th"]
[Site "Tel Aviv"]
[Date "1996.??.??"]
[Round "4"]
[White "Gofshtein, Leonid D"]
[Black "Shabtai, Ran"]
[Result "1-0"]
[WhiteElo "2540"]
[BlackElo "2340"]
[Annotator "Lutz,C"]
[PlyCount "55"]
[EventDate "1996.04.??"]
[EventType "tourn"]
[EventRounds "11"]
[EventCountry "ISR"]
[EventCategory "9"]
[SourceTitle "CBM 053"]
[Source "ChessBase"]
[SourceDate "1996.08.01"]
[SourceVersion "1"]
[SourceVersionDate "1996.08.01"]
[SourceQuality "1"]

1. d4 Nf6 2. c4 e6 3. Nf3 d5 4. Nc3 c6 5. Bg5 h6 6. Bh4 Qb6 $6 (6... dxc4) 7.
Qc2 g5 8. Bg3 g4 9. c5 Qd8 10. Ne5 $16 {[%csl Re8,Rg4] >< g4, e8} b6 11. cxb6
Qxb6 12. e3 Ba6 13. Be2 h5 14. h3 Bxe2 15. Qxe2 Rg8 16. hxg4 hxg4 17. Rc1 Nbd7
18. Kf1 Nxe5 19. Bxe5 Nd7 20. Bf4 c5 21. e4 cxd4 22. Nb5 d3 23. Qxd3 dxe4 24.
Qc4 Ke7 25. Nc7 Rd8 26. Rh5 Qxb2 27. Rb5 Qa3 28. Rc3 1-0

[Event "Copenhagen KS"]
[Site "Copenhagen"]
[Date "1996.??.??"]
[Round "9"]
[White "Nielsen, Peter Heine"]
[Black "Schandorff, Lars"]
[Result "1/2-1/2"]
[WhiteElo "2530"]
[BlackElo "2495"]
[Annotator "Lutz,C"]
[PlyCount "32"]
[EventDate "1996.07.05"]
[EventType "tourn"]
[EventRounds "9"]
[EventCountry "DEN"]
[EventCategory "10"]
[SourceTitle "CBM 055"]
[Source "ChessBase"]
[SourceDate "1996.12.01"]
[SourceVersion "1"]
[SourceVersionDate "1996.12.01"]
[SourceQuality "1"]

1. d4 d5 2. c4 c6 3. Nf3 Nf6 4. Nc3 e6 5. Bg5 h6 6. Bxf6 Qxf6 7. e3 Nd7 8. Bd3
dxc4 9. Bxc4 g6 10. O-O Bg7 11. Rc1 O-O 12. Re1 Rd8 (12... Qe7 $6 13. e4 Rd8
14. e5 $14 {Ivanchuk,V-Kramnik,V/Novgorod ; CBM 54 1996}) 13. e4 e5 $10 14. Qb3
Qe7 15. d5 Nb6 16. dxc6 bxc6 1/2-1/2

[Event "Czerniak Memorial 12th"]
[Site "Tel Aviv"]
[Date "1996.??.??"]
[Round "7"]
[White "Har Zvi, Ronen"]
[Black "Polgar, Sofia"]
[Result "1/2-1/2"]
[WhiteElo "2510"]
[BlackElo "2495"]
[Annotator "Lutz,C"]
[PlyCount "32"]
[EventDate "1996.04.??"]
[EventType "tourn"]
[EventRounds "11"]
[EventCountry "ISR"]
[EventCategory "9"]
[SourceTitle "CBM 053"]
[Source "ChessBase"]
[SourceDate "1996.08.01"]
[SourceVersion "1"]
[SourceVersionDate "1996.08.01"]
[SourceQuality "1"]

1. d4 d5 2. c4 e6 3. Nf3 Nf6 4. Nc3 c6 5. Bg5 h6 6. Bxf6 Qxf6 7. e3 Nd7 8. Bd3
g6 9. O-O dxc4 10. Bxc4 Qe7 $6 (10... Bg7 11. e4 e5) 11. e4 Bg7 12. d5 (12. e5
O-O $14 {In der letzten Zeit haben die Schwarzen diese Stellung vermieden. Man
sehe die Partie Kamsky,G-Kramnik,V/WchT Luzern 1993.}) 12... Nb6 13. Bb3 e5 14.
Rc1 Bd7 15. dxc6 Bxc6 16. Bd5 Bxd5 1/2-1/2

[Event "RUS-Cup Final"]
[Site "Sochi"]
[Date "1997.09.25"]
[Round "8"]
[White "Filippov, Valerij"]
[Black "Galkin, Alexander"]
[Result "1-0"]
[WhiteElo "2535"]
[BlackElo "2540"]
[Annotator "Lutz,C"]
[PlyCount "65"]
[EventDate "1997.09.17"]
[EventType "tourn"]
[EventRounds "11"]
[EventCountry "RUS"]
[EventCategory "13"]
[SourceTitle "CBM 062"]
[Source "ChessBase"]
[SourceDate "1998.01.31"]
[SourceVersion "1"]
[SourceVersionDate "1998.01.31"]
[SourceQuality "1"]

1. Nf3 Nf6 2. c4 c6 3. d4 d5 4. Nc3 e6 5. Bg5 h6 6. Bh4 dxc4 7. e4 g5 8. Bg3 b5
9. Be2 Bb7 10. O-O Nbd7 11. Qc2 Nh5 12. d5 Nxg3 13. hxg3 exd5 $2 {Die Öffnung
der Stellung ist verfehlt, da sich der schwarze Damenflügel auflöst und die
Felderschwächen am Königsflügel (besonders f5) übrigbleiben.} (13... Bg7 {
0-1 Chernin,A-Gurevich,M/BL2-W9697/1996/[Gurevich,M] (35)}) 14. exd5 Bg7 15.
dxc6 Bxc6 16. a4 $1 bxa4 (16... a6 17. axb5 axb5 18. Nxb5 Rxa1 (18... Bxb5 19.
Qe4+ $18) 19. Nd6+ Ke7 20. Nf5+ $16) 17. Rfd1 O-O 18. Nd4 {[%csl Rf5][%cal
Yd4f5]} Bxd4 {[%csl Rh6] Schwarz muß seinen Läufergeben, um Nf5 zu verhindern,
aber nun ist auch noch h6 schwach.} 19. Rxd4 $16 Qf6 20. Rad1 Ne5 21. Rd6 Qg7
22. Bxc4 Rac8 23. Ba2 a3 24. bxa3 Ba8 {[%csl Rc3][%cal Yc8c3,Yg7c3,Ye5f3] /\ ..
.Rc3} 25. R1d4 $1 Rfe8 26. Qd2 Kh8 27. Nd1 $1 {[%csl Rf5][%cal Yd1e3,Ye3f5]}
Nc6 28. Rc4 Qe5 29. Ne3 Kg7 30. Kh2 $1 {/\ Ng4} (30. Ng4 $2 Qe1+) 30... h5 (
30... Red8 31. Rcxc6 $18) 31. Rd5 Red8 32. Rcc5 Ne7 33. Rxc8 1-0

[Event "Julian Borowski 1st"]
[Site "Essen"]
[Date "1999.03.27"]
[Round "1"]
[White "Christiansen, Larry Mark"]
[Black "Zvjaginsev, Vadim"]
[Result "1/2-1/2"]
[WhiteElo "2581"]
[BlackElo "2658"]
[Annotator "Lutz,C"]
[PlyCount "64"]
[EventDate "1999.03.??"]
[EventType "tourn"]
[EventRounds "9"]
[EventCountry "GER"]
[EventCategory "14"]
[SourceTitle "CBM 071"]
[Source "ChessBase"]
[SourceDate "1999.08.01"]
[SourceVersion "1"]
[SourceVersionDate "1999.08.01"]
[SourceQuality "1"]

1. d4 d5 2. c4 e6 3. Nc3 c6 4. Nf3 Nf6 5. Bg5 h6 6. Bxf6 Qxf6 7. e3 Bb4 $5 {
Zvjaginsev ist für seine originelle Eröffnungsbehandlung bekannt. Hier weicht
er von den Standardaufbauten mit ...Nd7 und ...g6 ab.} 8. Qb3 Qe7 9. a3 Ba5 10.
cxd5 {Mir erscheint es nicht zwingend, die Spannung im Zentrum aufzugeben.} (
10. Bd3 $5 {sieht normaler aus, z.B.} Nd7 11. O-O O-O 12. Qc2 dxc4 13. Bxc4 a6
14. Ba2 Nf6 15. Rac1 Bxc3 16. Qxc3 Rd8 17. Bb1 Bd7 18. e4 Be8 19. Qd3 g6 20.
Qe3 Kg7 21. h3 Rdc8 22. Rc3 Rd8 23. Rfc1 Rab8 24. Ba2 Ra8 25. Ne5 Ng8 26. f4 f6
27. Nf3 Bf7 28. Bb1 Qe8 29. g4 Ne7 30. h4 Qd7 31. R3c2 Rh8 32. Rg2 Rac8 33. f5
exf5 34. gxf5 Kf8 35. fxg6 Bxg6 36. Qf4 Qe6 37. Ba2 Qxe4 38. Qxf6+ Ke8 39.
Qxh8+ Kd7 40. Qf6 Qe3+ 41. Kh2 {1-0 Van Wely,L-Bosbach,G/Germany 1997/GER-chT 
(41)}) 10... exd5 11. Bd3 O-O 12. O-O Bc7 13. Rac1 {Weiß möchte 13...Nd7
verhindern (wegen 14.Nxd5), aber Schwarz hat eine andere Möglichkeit, sich zu
entwickeln.} (13. h3 $5 Nd7 14. e4 dxe4 15. Nxe4 {[%csl Re1,Re5,Re7,Rf7][%cal
Ya1e1,Yd3c4,Yf3e5,Yb3f7,Ye1e7] führt zu einer typischen Isolani-Stellung, mit
einer kleinen Initiative für Weiß..}) 13... Bg4 14. Ne5 (14. Qxb7 $2 Bxh2+) (
14. Nd2 Bb6 $5 {/\ ...Nd7}) 14... Bxe5 15. dxe5 Nd7 16. Qxb7 Qe6 {Mit der
Doppeldrohung ...Nc5 und ...Rfb8.} 17. Be2 Nxe5 18. Qa6 Qg6 19. Bxg4 Qxg4 20.
Qe2 Qxe2 21. Nxe2 Rfb8 $11 {Der Druck gegen b2 kompensiert die geschwächte
Bauernstruktur. Die Stellung verläuft ins Unentschieden.} 22. Nd4 Rxb2 23. Nxc6
Nxc6 24. Rxc6 a5 25. g3 Ra2 26. Rd1 Rxa3 27. Rxd5 a4 28. Rc7 Ra1+ 29. Kg2 a3
30. Rdd7 a2 31. Ra7 Rxa7 32. Rxa7 Kf8 1/2-1/2

[Event "Olympiad-33"]
[Site "Elista"]
[Date "1998.10.10"]
[Round "11.1"]
[White "Yurtaev, Leonid"]
[Black "Shirov, Alexei"]
[Result "0-1"]
[WhiteElo "2540"]
[BlackElo "2720"]
[Annotator "Lutz,C"]
[PlyCount "52"]
[EventDate "1998.09.29"]
[EventType "team-swiss"]
[EventRounds "13"]
[EventCountry "RUS"]
[SourceTitle "CBM 068"]
[Source "ChessBase"]
[SourceDate "1999.02.01"]
[SourceVersion "1"]
[SourceVersionDate "1999.02.01"]
[SourceQuality "1"]
[WhiteTeam "Kyrgyzstan"]
[BlackTeam "Spain"]
[WhiteTeamCountry "KGZ"]
[BlackTeamCountry "ESP"]

1. d4 d5 2. c4 c6 3. Nf3 Nf6 4. Nc3 e6 5. Bg5 h6 6. Bh4 dxc4 7. e4 g5 8. Bg3 b5
9. Qc2 {Mir erscheint 9.Be2 gefährlicher. Weiß muß ohnehin seinen Läufer
entwickeln und legt noch nicht die Stellung seiner Dame fest. 9...b4 10.Na4} (
9. Be2 {ist der Normalzug und erscheint mir gefährlicher. Weiß muß seinen
Läufer ohnehin entwickeln und legt die Stellung seiner Dame noch nicht fest.
Der einzige Nachteil ist, daß der Pe4 nicht gedeckt ist, aber nach dem
neuesten Stand ist dies halb so schlimm:} b4 10. Na4 Nxe4 11. Be5 Nf6 12. Nc5
$1 $146 {1-0 Sakaev,K-Kobalija,M/St. Petersburg 1998/CBM 67/[Lutz] (25)}) 9...
Bg7 $146 {[%mdl 8] Eine Neuerung gegenüber 9...Bb7 und 9...g4.} (9... g4) (9...
Bb7) (9... Qa5) 10. O-O-O {Die lange Rochade ist in der Variante 6.Bh4
ungewöhnlich.} (10. Be2 $5) 10... O-O 11. e5 {Weiß öffnet die Diagonale b1-h7.
Mir scheint aber, daß Weiß besser mit h2-h4 arbeiten soll.} (11. h4 $5 g4 12.
Ne5 $44) 11... Nd5 12. Ne4 $2 {Weiß beabsichtigt h2-h4 nebst Nf3-g5, aber
Schwarz übernimmt jetzt die Initiative.} (12. h4 $5 g4 13. Nh2 $44 (13. Ng5 $2
{funktioniert nicht, da} hxg5 14. hxg5 Qxg5+ {mit Schach erfolgt.})) 12... Qa5
13. a3 (13. h4 Nb4) 13... b4 14. Bxc4 bxa3 15. bxa3 Ba6 $17 {[%mdl 128] Der
schwarze Angriff kommt zuerst. Der Rest ist für einen Spieler von Schirows
Klasse kein Problem mehr.} 16. Rd3 Bxc4 17. Qxc4 Nd7 18. Nfd2 (18. Nc5 $5 $17)
18... c5 19. Nxc5 Rfc8 20. Nde4 Bf8 $19 21. Kd1 Bxc5 22. dxc5 Nxc5 23. Rxd5
exd5 24. Nf6+ Kg7 25. Qb4 Qa6 26. h4 Rab8 0-1